Χιόνι

Αποθηκεύτηκε σε:
Λεπτομέρειες βιβλιογραφικής εγγραφής
Κύριος συγγραφέας: Pamuk, Orhan, 1952-
Άλλοι συγγραφείς: Βρετού, Στέλλα (trlf)
Μορφή: Βιβλίο
Γλώσσα:Greek
Turkish
Δημοσίευση: Αθήνα : Ωκεανίδα, 2007.
Θέματα:
Ετικέτες: Προσθήκη ετικέτας
Δεν υπάρχουν, Καταχωρήστε ετικέτα πρώτοι!

MARC

LEADER 00000cam a2200000 a 4500
001 1/112907
008 170201t2007####gr | ||| |||| ||gre||
020 |a 9789694104680 
040 |a GR-MyUa  |b gre  |c GR-MyUa  |e AACR2 
041 1 |a gre  |h tur 
082 7 |a 894.353   |2 (23) 
100 1 |a Pamuk, Orhan,   |d 1952- 
245 1 0 |a Χιόνι /   |c Ορχάν Παμουκ ; μετάφραση: Στέλλα Βρετού.  
260 |a Αθήνα :   |b Ωκεανίδα,   |c 2007.  
300 |a 686 σ. ;   |c 21 εκ.  
500 |a Τίτλος πρωτοτύπου: Kar.  
650 0 |a Turkish fiction  |y 20th century. 
700 1 |a Βρετού, Στέλλα,  |e trlf 
852 |a INST  |b RHODES  |e 20230907  |h 894.353 PAM  |p 005400043765  |q 005400043765  |t BK  |y 0 
852 |a INST  |b SAMOS  |e 20170201  |h 894.353 PAM  |p 005300044262  |q 005300044262  |t BK  |y 0 
970 |a Γουβάλα  |b Βάσω  |z 01-02-2017